00423nam a2200121Ia 4500008004100000100002000041245006200061245005900123260004900182260000900231650001300240856004800253170221s9999 xx 000 0 und d aHatton, Lindle. 2aA synergistic approach to small business entrepreneurship cLindle Hatton, California State University Sacramento. bJournal of Management and Marketing Research c2015 xBusiness uhttp://www.aabri.com/manuscripts/142021.pdf